El príncipe que todo lo aprendió en los libros / (Registro nro. 7171)

Detalles MARC
000 -LEADER
fixed length control field 00891nam a22002417a 4500
003 - CONTROL NUMBER IDENTIFIER
control field OSt
005 - DATE AND TIME OF LATEST TRANSACTION
control field 20221013120755.0
008 - FIXED-LENGTH DATA ELEMENTS--GENERAL INFORMATION
fixed length control field 210211s1970 sp |||br|||| 00| 1 spa d
040 ## - CATALOGING SOURCE
Original cataloging agency CO-JMCR
Transcribing agency CO-JMCR
041 0# - LANGUAGE CODE
Language code of text/sound track or separate title spa
082 04 - DEWEY DECIMAL CLASSIFICATION NUMBER
Classification number T /
Item number BENp
Edition number 23
100 1# - MAIN ENTRY--PERSONAL NAME
Personal name Benavente, Jacinto,
Relator term autor
9 (RLIN) 13361
245 13 - TITLE STATEMENT
Title El príncipe que todo lo aprendió en los libros /
Statement of responsibility, etc. por Jacinto Benavente
246 35 - VARYING FORM OF TITLE
Title proper/short title El príncipe que todo lo aprendió en los libros :
Remainder of title cuento en dos actos y siete cuadros
260 ## - PUBLICATION, DISTRIBUTION, ETC.
Place of publication, distribution, etc. Barcelona :
Name of publisher, distributor, etc. Labor,
Date of publication, distribution, etc. 1970
300 ## - PHYSICAL DESCRIPTION
Extent 131 páginas :
Other physical details ilustraciones a blanco y negro ;
Dimensions 21 cm.
490 0# - SERIES STATEMENT
Series statement Selección de cuentos y leyendas
586 ## - AWARDS NOTE
Awards note Premio Nobel de Literatura
650 14 - SUBJECT ADDED ENTRY--TOPICAL TERM
Topical term or geographic name entry element Teatro escolar e infantil español
Geographic subdivision Siglo xx
9 (RLIN) 13362
650 14 - SUBJECT ADDED ENTRY--TOPICAL TERM
Topical term or geographic name entry element Príncipes en el teatro
9 (RLIN) 13363
650 14 - SUBJECT ADDED ENTRY--TOPICAL TERM
Topical term or geographic name entry element Literatura española
Chronological subdivision Siglo xx
9 (RLIN) 8517
942 ## - ADDED ENTRY ELEMENTS (KOHA)
Source of classification or shelving scheme Dewey Decimal Classification
Koha item type Books
Existencias
Withdrawn status Lost status Source of classification or shelving scheme Damaged status Not for loan Collection code Home library Current library Date acquired Source of acquisition Total Checkouts Full call number Barcode Date last seen Date last checked out Copy number Price effective from Koha item type
    Dewey Decimal Classification     Fiction Biblioteca Pública José María del Castillo y Rada Biblioteca Pública José María del Castillo y Rada 04/15/2018 Donación 3 T / BENp 201810294 03/06/2025 02/11/2025 Ej.1 02/11/2021 Books